[Event "Uralsk op"]
[Site "Uralsk"]
[Date "2023.07.24"]
[Round "5"]
[White "Aktan, Ramazan"]
[Black "Azamat, Dinmukhammed"]
[Result "1/2-1/2"]
[WhiteElo "1438"]
[BlackElo "1401"]
[PlyCount "42"]
[EventDate "2023.07.21"]
[EventType "swiss"]
[EventRounds "9"]
[EventCountry "KAZ"]
[SourceTitle "EXT 2024"]
[Source "ChessBase"]
[SourceDate "2023.10.10"]
[SourceVersion "1"]
[SourceVersionDate "2023.10.10"]
[SourceQuality "1"]

1. e4 e6 2. Qe2 Ne7 3. d4 d5 4. Nc3 dxe4 5. Qxe4 Nd5 6. Nge2 Nf6 7. Qf3 Nc6 8. Bf4 Bb4 9. 0-0-0 0-0 10. Be5 Nd5 11. Ne4 f5 12. N4g3 Nxe5 13. dxe5 Qg5+ 14. Kb1 f4 15. Ne4 Qxe5 16. Nc1 Nf6 17. Bd3 Rb8 18. c3 Nxe4 19. Bxe4 Bd6 20. Nd3 Qf6 21. h4 e5 1/2-1/2